LEADER 02158oam 2200613 450 001 9910707104303321 005 20160518092557.0 035 $a(CKB)5470000002462460 035 $a(OCoLC)889600402 035 $a(EXLCZ)995470000002462460 100 $a20140829d1990 ua 0 101 0 $aeng 135 $aurbn||||||||| 181 $ctxt$2rdacontent 182 $cc$2rdamedia 183 $acr$2rdacarrier 200 10$aK-Ar ages of Jurassic to Tertiary plutonic and metamorphic rocks, northwestern Utah and northeastern Nevada /$fby David M. Miller, John K. Nakata, and Linda L. Glick 210 1$a[Reston, Va.] :$cDepartment of the Interior, U.S. Geological Survey,$d1990. 210 2$aWashington :$cUnited States Government Printing Office. 215 $a1 online resource (iii, 18 pages) $cillustrations, maps 225 1 $aU.S. Geological Survey Bulletin ;$v1906 300 $aTitle from title screen (viewed Aug. 20, 2014). 320 $aIncludes bibliographical references. 606 $aIntrusions (Geology)$zNevada 606 $aIntrusions (Geology)$zUtah 606 $aMetamorphic rocks$zNevada 606 $aMetamorphic rocks$zUtah 606 $aPotassium-argon dating 606 $aIntrusions (Geology)$2fast 606 $aMetamorphic rocks$2fast 606 $aPotassium-argon dating$2fast 607 $aNevada$2fast 607 $aUtah$2fast 615 0$aIntrusions (Geology) 615 0$aIntrusions (Geology) 615 0$aMetamorphic rocks 615 0$aMetamorphic rocks 615 0$aPotassium-argon dating. 615 7$aIntrusions (Geology) 615 7$aMetamorphic rocks. 615 7$aPotassium-argon dating. 700 $aMiller$b David M$g(David MacArthur),$f1951-$01387190 702 $aGlick$b Linda L. 702 $aNakata$b John K. 712 02$aGeological Survey (U.S.), 801 0$bCOP 801 1$bCOP 801 2$bOCLCO 801 2$bOCLCF 801 2$bGPO 906 $aBOOK 912 $a9910707104303321 996 $aK-Ar ages of Jurassic to Tertiary plutonic and metamorphic rocks, northwestern Utah and northeastern Nevada$93436746 997 $aUNINA LEADER 02041nas 2200661-a 450 001 996214108603316 005 20240319213018.0 011 $a1465-3311 035 $a(DE-599)ZDB1501174-4 035 $a(OCoLC)41543742 035 $a(CKB)954925263185 035 $a(CONSER)--2008233633 035 $a(EXLCZ)99954925263185 100 $a19990615a19289999 s-- a 101 0 $aeng 135 $aurmnu|||||||| 181 $ctxt$2rdacontent 182 $cc$2rdamedia 183 $acr$2rdacarrier 200 10$aAustralian geographer 210 $aSydney $c[Geographical Society of New South Wales]$d1928-1929 210 2 $aSydney $cScience House 210 2 $cCarfax International Publishers 210 3 $a[Abingdon] $cRoutledge, Taylor & Francis Group 300 $aRefereed/Peer-reviewed 311 $a0004-9182 531 $aAUST GEOGR 531 $aAUST. GEOGR 606 $aGeography$vPeriodicals 606 $aGéographie$vPériodiques 606 $a74.00 (human) geography: general$3(NL-LeOCL)07761089X$2bcl 606 $aGeography$2fast$3(OCoLC)fst00940469 606 $aTravel$2fast$3(OCoLC)fst01155558 606 $aGeografie$2gnd 606 $aZeitschrift$2gnd 606 $aGeografie$2gtt 607 $aAustralia$xDescription and travel$vPeriodicals 607 $aAustralie$xDescriptions et voyages$vPériodiques 607 $aAustralia$2fast$1https://id.oclc.org/worldcat/entity/E39QbtfRv8PPH7gCqhkJ8DK8bM 607 $aAustralien$2gnd 608 $aPeriodicals.$2fast 608 $aPeriodicals.$2lcgft 610 $aSerial 615 0$aGeography 615 6$aGéographie 615 7$a74.00 (human) geography: general. 615 7$aGeography. 615 7$aTravel. 615 7$aGeografie 615 7$aZeitschrift 615 17$aGeografie. 676 $a919.42 712 02$aTaylor & Francis. 712 02$aGeographical Society of New South Wales. 906 $aJOURNAL 912 $a996214108603316 996 $aAustralian geographer$92078525 997 $aUNISA